000 02276njm a2200409Ia 4500
001 E7733
003 IT-RoPAU
005 20220918181115.0
008 131025s9999 xx 000 0 und d
040 _aIT-RoPAU
040 _cIT-RoPAU
041 _aITALIANA
999 _c99294
_d99294
999 _bn.d.
100 _aAA.VV.
_9794
100 _eAutore musica
_931946
100 _gCodice autore musica SPICS: 12000
_9796
245 _aBelle speranze
250 _a1a ed.
260 _a ITALIA
260 _bHARPO
_c1997 [1a Ed.:1997 - Ed. Lingua Orig.: 1997]
300 _aCOMPACT DISC
300 _c42 minuti (Testo: pag.)
500 _aMusica leggera. Canzone italiana. Testi delle canzoni.
505 _aBelle speranze (5:00) - Non sono un cantautore (5:00) - Apri la bocca [(E fai fuoco) (4:00)] - Il fiume e la nebbia (5:00) - Al fratello che non ho (4:00) - Nati ieri (5:00) - Il miracolo (5:00) - Caterina e il coraggio (6:00) - E' comunque Natale (3:00) - Un aeroplano a vela (4:00)
650 _aCANZONE ITALIAN [COMPACT DISC]
_eCodice MATERIA SPICS: 9949
_921937
700 _aMannoia Fiorella
_gCodice interprete SPICS: 14287
_eInterprete
_931947
700 _aFabrizi Piero
_gCodice autore testo/musica SPICS: 23584
_eAutore testo/musica
_pBelle speranze - Non sono un cantautore - Nati ieri - Caterina e il coraggio - E' comunque Natale
_931948
700 _aGemma L.
_gCodice autore musica SPICS: 49680
_eAutore musica
_pApri la bocca (E fai fuoco)
_931949
700 _aDe Crescenzo Luciano
_gCodice autore testo/musica SPICS: 22985
_eAutore testo/musica
_pApri la bocca (E fai fuoco)
_931950
700 _aSilvestri Daniele
_gCodice autore testo/musica SPICS: 43224
_eAutore testo/musica
_pIl fiume e la nebbia - Al fratello che non ho
_931951
700 _aD'Argenio P.
_gCodice autore musica SPICS: 49681
_eAutore musica
_pIl miracolo
_931952
700 _aMesolella F.
_gCodice autore SPICS: 49682
_eAutore
_pIl miracolo
_931953
700 _aTronco M.
_gCodice autore testo/musica SPICS: 49683
_eAutore testo/musica
_pIl miracolo
_931954
700 _aTesta G.
_gCodice autore musica SPICS: 49684
_eAutore musica
_pUn aeroplano a vela
_931955
700 _aPonzo P.R.
_gCodice autore testo/musica SPICS: 49685
_eAutore testo/musica
_pUn aeroplano a vela
_931956
942 _cCD
_2ddc